000 00247nam a22001097a 4500
082 _a621.39732 STR'P
100 _aPECKNER, D
_959430
245 _aTHE STRENGTHENING OF METALS
260 _aNEWYORK
_bREINGOLD
_c1964
300 _a250P
942 _cBK
999 _c569417
_d569417